000 00316nam a22001337a 4500
008 180126b xxu||||| |||| 00| 0 eng d
020 _a9780078600197
041 _aeng
080 _27 ed
_a34
100 _a14
101 _ajur
245 _astreet law a coourse in practical law
_clee.p.a
942 _2udc
_cBK
999 _c41008
_d41008